[Event "DEN-ch Seniors 2018"]
[Site "Hvidovre"]
[Date "2018.02.17"]
[Round "6"]
[White "Morkore, Thomas"]
[Black "Lindestrom, Torsten"]
[Result "1/2-1/2"]
[WhiteElo "1910"]
[BlackElo "2194"]
[Annotator "ChessBase"]
[PlyCount "108"]
[EventDate "2018.??.??"]
[EventType "tourn"]
[EventCountry "DEN"]
[SourceTitle "playchess.com"]
[Source "ChessBase"]
[SourceQuality "1"]
[TimeControl "40/5400+30:1800+30"]

1. Nf3 {[%emt 0:00:00]} d5 {[%emt 0:00:54]} 2. d4 {[%emt 0:01:20]} c6 {[%emt 0:01:07]} 3. c4 {[%emt 0:00:53]} e6 {[%emt 0:00:19]} 4. Bg5 {[%emt 0:02:48]} Be7 {[%emt 0:02:07]} 5. Bxe7 {[%emt 0:01:30]} Qxe7 {[%emt 0:00:04]} 6. e3 {[%emt 0:03:15]} Nf6 {[%emt 0:06:07]} 7. Nbd2 {[%emt 0:02:28]} O-O {[%emt 0:03:58]} 8. Bd3 {[%emt 0:04:54]} Nbd7 {[%emt 0:02:37]} 9. O-O {[%emt 0:01:31]} e5 {[%emt 0:03:13]} 10. dxe5 {[%emt 0:01:02]} Nxe5 {[%emt 0:00:05]} 11. Nxe5 {[%emt 0:00:20]} Qxe5 {[%emt 0:00:06]} 12. cxd5 {[%emt 0:00:46]} Rd8 {[%emt 0:24:02]} 13. Nc4 {[%emt 0:05:43]} Qxd5 {[%emt 0:00:37]} 14. Be2 {[%emt 0:00:16]} Be6 {[%emt 0:00:10]} 15. Qxd5 {[%emt 0:02:12]} Rxd5 {[%emt 0:01:13]} 16. Rfd1 {[%emt 0:02:12]} Rad8 {[%emt 0:04:52]} 17. Na5 {[%emt 0:05:17]} R8d7 {[%emt 0:00:09]} 18. Rxd5 {[%emt 0:02:16]} Bxd5 {[%emt 0:04:09]} 19. f3 {[%emt 0:07:21]} b6 {[%emt 0:09:19]} 20. Nb3 {[%emt 0:02:02]} c5 {[%emt 0:06:36]} 21. Kf2 {[%emt 0:07:45]} Kf8 {[%emt 0:00:33]} 22. Ke1 {[%emt 0:00:34]} Ke7 {[%emt 0:06:54]} 23. Nd2 {[%emt 0:03:21]} Ne8 {[%emt 0:02:53]} 24. a4 {[%emt 0:03:30]} Nd6 {[%emt 0:02:11]} 25. e4 {[%emt 0:05:36]} Bc6 {[%emt 0:00:56]} 26. Nf1 {[%emt 0:01:30]} f5 {[%emt 0:03:06]} 27. e5 {[%emt 0:13:47]} Nf7 {[%emt 0:01:03]} 28. f4 {[%emt 0:01:28]} Bxg2 {[%emt 0:00:42]} 29. Ne3 {[%emt 0:00:26]} Be4 {[%emt 0:00:04]} 30. Bc4 {[%emt 0:00:41]} Nd8 {[%emt 0:00:41]} 31. a5 {[%emt 0:00:55]} Ne6 {[%emt 0:07:05]} 32. axb6 {[%emt 0:00:59]} axb6 {[%emt 0:00:04]} 33. Ra6 {[%emt 0:03:37]} Nxf4 {[%emt 0:02:45]} 34. Rxb6 {[%emt 0:00:21]} Nd3+ {[%emt 0:01:58]} 35. Kf1 {[%emt 0:00:37]} f4 {[%emt 0:02:10]} 36. Nd1 {[%emt 0:00:44]} Bf5 {[%emt 0:00:38]} 37. e6 {[%emt 0:00:26]} Ra7 {[%emt 0:01:34]} 38. Nc3 {[%emt 0:01:59]} Nb4 {[%emt 0:01:54]} 39. Kf2 {[%emt 0:01:21]} g5 {[%emt 0:00:11]} 40. Nb5 {[%emt 0:00:00]} Ra8 {[%emt 0:00:50]} 41. Rb7+ {[%emt 0:06:37]} Kf6 {[%emt 0:01:11]} 42. Rf7+ {[%emt 0:00:37]} Ke5 {[%emt 0:07:50]} 43. e7 {[%emt 0:02:04]} Bg6 {[%emt 0:11:13]} 44. Rf8 {[%emt 0:01:21]} Re8 {[%emt 0:01:01]} 45. Rxe8 {[%emt 0:00:26]} Bxe8 {[%emt 0:00:02]} 46. Nc7 {[%emt 0:00:10]} Bg6 {[%emt 0:03:22]} 47. e8=Q+ {[%emt 0:02:21]} Bxe8 {[%emt 0:00:03]} 48. Nxe8 {[%emt 0:00:10]} g4 {[%emt 0:01:36]} 49. b3 {[%emt 0:02:14]} Nc6 {[%emt 0:03:20]} 50. Nc7 {[%emt 0:00:49]} Na5 {[%emt 0:00:26]} 51. Bg8 {[%emt 0:00:24]} h5 {[%emt 0:00:44]} 52. Na6 {[%emt 0:00:27]} Kd4 {[%emt 0:00:15]} 53. b4 {[%emt 0:00:22]} cxb4 {[%emt 0:00:06]} 54. Nxb4 {[%emt 0:00:06]} h4 {[%emt 0:00:54]} 1/2-1/2

[Event "DEN-ch Seniors 2018"]
[Site "Hvidovre"]
[Date "2018.02.17"]
[Round "6"]
[White "Marshall, Michael"]
[Black "Hvenekilde, Jorgen"]
[Result "1/2-1/2"]
[WhiteElo "1826"]
[BlackElo "2044"]
[Annotator "NA"]
[PlyCount "46"]
[EventDate "2018.??.??"]
[EventType "tourn"]
[EventCountry "DEN"]
[SourceTitle "playchess.com"]
[Source "ChessBase"]
[SourceQuality "1"]
[TimeControl "40/5400+30:1800+30"]

1. c4 {[%emt 0:00:00]} d6 {[%emt 0:00:35]} 2. g3 {[%emt 0:00:00]} g6 {[%emt 0:00:41]} 3. Nc3 {[%emt 0:00:00]} Nf6 {[%emt 0:00:11]} 4. Bg2 {[%emt 0:00:19]} Bg7 {[%emt 0:00:09] LiveBook: 878 Games} 5. e4 {[%emt 0:01:00]} c5 {[%emt 0:01:19]} 6. Nf3 {[%emt 0:05:22]} Nc6 {[%emt 0:02:28]} 7. O-O {[%emt 0:00:22]} O-O {[%emt 0:00:34]} 8. d3 {[%emt 0:03:51]} Bd7 {[%emt 0:05:27]} 9. h3 {[%emt 0:02:11]} a6 {[%emt 0:02:27]} 10. a4 {[%emt 0:08:12]} Rb8 {[%emt 0:08:55]} 11. Be3 {[%emt 0:02:42]} b6 $11 {[%emt 0:10:10]} 12. Qd2 {[%emt 0:05:08]} Re8 {[%emt 0:02:48]} 13. b3 {[%emt 0:08:30]} Bc8 14. d4 cxd4 15. Nxd4 Bd7 16. Nf3 Bc8 17. Kh2 Bb7 18. Nd4 Na5 19. Qc2 Nc6 20. Qd2 Nd7 21. f4 Nc5 22. Rad1 Nb4 23. Qc2 e6 1/2-1/2

[Event "DEN-ch Seniors 2018"]
[Site "Hvidovre"]
[Date "2018.02.17"]
[Round "6"]
[White "Matras, Ove"]
[Black "Schultz-Pedersen, Jesper"]
[Result "0-1"]
[WhiteElo "1781"]
[BlackElo "2068"]
[Annotator "NA"]
[PlyCount "60"]
[EventDate "2018.??.??"]
[EventType "tourn"]
[EventCountry "DEN"]
[SourceTitle "playchess.com"]
[Source "ChessBase"]
[SourceQuality "1"]
[TimeControl "40/5400+30:1800+30"]

1. b3 {[%emt 0:00:00]} e5 {[%emt 0:01:49]} 2. e3 {[%emt 0:01:02]} Nf6 {[%emt 0:00:25]} 3. Bb2 {[%emt 0:00:06]} d6 {[%emt 0:00:04]} 4. Nf3 {[%emt 0:01:21]} Be7 {[%emt 0:01:07]} 5. Be2 {[%emt 0:00:09]} O-O {[%emt 0:00:51]} 6. d4 {[%emt 0:00:11]} e4 {[%emt 0:04:28]} 7. Nfd2 {[%emt 0:00:10]} c6 {[%emt 0:01:12]} 8. O-O {[%emt 0:00:44]} Bf5 {[%emt 0:00:52]} 9. f3 {[%emt 0:00:59]} Nd5 {[%emt 0:03:20]} 10. Kf2 {[%emt 0:01:08]} Bg5 {[%emt 0:07:09]} 11. f4 {[%emt 0:01:10]} Re8 $2 {[%emt 0:21:59]} (11... Bf6 $15 {stays ahead.}) 12. Nc4 $2 {[%emt 0:07:02]} (12. fxg5 $16 {is necessary to keep the advantage.} Qxg5 13. Nc4) 12... Bh4+ {[%emt 0:04:41]} 13. g3 {[%emt 0:02:44]} b5 {[%emt 0:00:18]} 14. Nxd6 {[%emt 0:00:12]} Qxd6 {[%emt 0:00:36]} 15. gxh4 {[%emt 0:00:08]} Qh6 {[%emt 0:00:31]} 16. h5 {[%emt 0:00:49]} Bh3 {[%emt 0:01:59]} 17. Rg1 {[%emt 0:02:31]} Nxf4 {[%emt 0:01:56]} 18. d5 {[%emt 0:03:50]} f6 {[%emt 0:04:04]} (18... Ng2 $142 19. Rxg2 Bxg2) 19. c4 {[%emt 0:05:15]} Nxe2 {[%emt 0:02:54]} 20. Qxe2 {[%emt 0:00:46]} bxc4 {[%emt 0:01:37]} 21. bxc4 {[%emt 0:01:34]} Na6 {[%emt 0:02:22]} (21... cxd5 $17 22. Rg3 Be6) 22. Rg3 {[%emt 0:03:30]} Bf5 $14 {[%emt 0:02:35]} ({Better is} 22... Bd7 $15) 23. Ba3 {[%emt 0:01:14]} cxd5 {[%emt 0:03:55]} 24. cxd5 {[%emt 0:01:25]} Rac8 {[%emt 0:02:01]} 25. Bd6 {[%emt 0:01:06]} Nc5 {[%emt 0:01:45]} 26. Bf4 {[%emt 0:02:56]} g5 {[%emt 0:02:25]} 27. hxg6 {[%emt 0:06:42]} Qxh2+ {[%emt 0:00:45]} 28. Ke1 {[%emt 0:01:36]} Nd3+ {[%emt 0:01:00]} 29. Kd1 Rc1+ 30. Kd2 Rcc8 {Ke1 Ra8+} 0-1

[Event "DEN-ch Seniors 2018"]
[Site "Hvidovre"]
[Date "2018.02.17"]
[Round "6"]
[White "Larsen, Arne Walther"]
[Black "Rosenlund, Thorbjorn"]
[Result "0-1"]
[WhiteElo "1766"]
[BlackElo "2245"]
[Annotator "NA"]
[PlyCount "53"]
[EventDate "2018.??.??"]
[EventType "tourn"]
[EventCountry "DEN"]
[SourceTitle "playchess.com"]
[Source "ChessBase"]
[SourceQuality "1"]
[TimeControl "40/5400+30:1800+30"]

{[%evp 8,53,18,11,19,26,18,16,0,0,0,-5,24,23,37,5,23,-10,32767,32767,32767,32767,32767,-147,32767,32767,-107,-153,32767,-161,32767,-129,-59,-60,32767,32767,-137,-155,-144,-391,-407,-392,-392,-443,-443,32767,-460,-643]} 1. Nf3 d5 {[%emt 0:02:46]} 2. g3 {[%emt 0:00:08]} Nf6 {[%emt 0:00:35]} 3. Bg2 {[%emt 0:00:16]} Bf5 {[%emt 0:02:18]} 4. d3 {[%emt 0:01:48]} e6 {[%emt 0:03:46]} 5. Nbd2 {[%emt 0:03:28]} h6 {[%emt 0:00:46]} 6. O-O {[%emt 0:00:12]} Be7 {[%emt 0:02:26]} 7. b3 {[%emt 0:02:44] LiveBook: 56 Games A07: Réti Opening: New York and Capablanca Systems} a5 {[%emt 0:01:06]} (7... O-O 8. Bb2 c5 9. Re1 Nc6 10. e4 Bh7 11. Ne5 Nxe5 12. Bxe5 Rc8 13. a4 b6 14. h3 Re8 15. f4 a6 16. Qe2 b5 17. axb5 axb5 {1-0 (32) Maghsoodloo,P (2584)-Van Wely,L (2675) Bandar e Anzali 2017}) 8. c4 {[%emt 0:03:00]} O-O {[%emt 0:02:46]} 9. Bb2 {[%emt 0:00:50]} a4 {[%emt 0:03:07]} 10. bxa4 {[%emt 0:02:17]} Na6 $146 {[%emt 0:04:43]} ({Predecessor:} 10... c6 11. Rb1 Nbd7 12. Bxf6 Bxf6 13. Rxb7 Nc5 14. Rb4 Qa5 15. a3 Nxa4 16. Qc2 Nc3 {½-½ (26) Quintero Calderon,R (1748)-Bandiera,A (1919) IECG email 2002}) 11. cxd5 {[%emt 0:14:28]} exd5 {[%emt 0:00:32]} 12. Ne5 {[%emt 0:07:13]} Nc5 {[%emt 0:01:28]} 13. Nb3 {[%emt 0:03:02]} Nxa4 {[%emt 0:01:34]} 14. Bd4 {[%emt 0:01:45]} c5 {[%emt 0:07:52]} 15. Be3 {[%emt 0:00:47]} Qc7 {[%emt 0:10:38]} 16. Nf3 {[%emt 0:03:55]} Bd6 {[%emt 0:07:35]} 17. Bd2 {[%emt 0:04:22]} Rfd8 {[%emt 0:06:28]} 18. Qc1 {[%emt 0:06:12]} Qe7 {[%emt 0:03:31]} 19. Re1 {[%emt 0:02:57]} d4 {[%emt 0:03:12]} ({Black should play} 19... Re8 $17 20. Rb1 Qd7) 20. e4 {[%emt 0:04:01]} dxe3 {[%emt 0:00:18]} 21. Rxe3 {[%emt 0:00:46] [#]} Qc7 $1 {[%emt 0:01:36]} 22. Nh4 {[%emt 0:03:46]} Bh7 {[%emt 0:01:46]} 23. Be4 $2 {[%emt 0:00:59]} (23. Qc4 $17) 23... Nxe4 {[%emt 0:01:58]} 24. dxe4 {[%emt 0:00:31]} c4 {[%emt 0:02:54]} 25. Nd4 {[%emt 0:00:39]} Be5 {[%emt 0:00:26]} 26. Nb5 {[%emt 0:03:12]} Qd7 {[%emt 0:02:07]} 27. Bc3 $19 {[%emt 0:01:34]} (27. Rb1 $142 Qxd2 28. Nf3 Qxc1+ 29. Rxc1) 0-1

[Event "DEN-ch Seniors 2018"]
[Site "Hvidovre"]
[Date "2018.02.18"]
[Round "7"]
[White "Lindestrom, Torsten"]
[Black "Holler Johansen, Alexander Mikkel Jo"]
[Result "1/2-1/2"]
[WhiteElo "2194"]
[BlackElo "1904"]
[Annotator "TA"]
[PlyCount "59"]
[EventDate "2018.??.??"]
[EventType "tourn"]
[EventCountry "DEN"]
[SourceTitle "playchess.com"]
[Source "ChessBase"]
[SourceQuality "1"]

{[%evp 18,59,42,42,43,35,40,35,36,20,35,38,52,38,38,38,37,37,39,30,48,39,51,13,9,11,43,30,20,0,0,0,0,0,0,-31,-29,-24,-24,-22,-23,-86,-89,-90]} 1. d4 Nf6 2. Nf3 d5 3. c4 e6 4. g3 c6 5. Qc2 Nbd7 6. Bg2 Be7 7. O-O O-O 8. Nbd2 Re8 9. b3 Bd6 10. Bb2 e5 {E09: Closed Catalan: Main Line: 7 Qc2 c6 8 Nbd2} 11. cxd5 cxd5 12. dxe5 Nxe5 {White is slightly better.} 13. Rfd1 (13. Rad1 Bg4 14. Bc3 Nc6 15. Rfe1 Rc8 16. Qb2 d4 17. Bxd4 Nxd4 18. Qxd4 {1-0 (44) Volodin,A (2429)-Akvist,H (2139) Sweden 2010}) 13... Bd7 $146 ({Find the theoretical novelty and annotate with similar games:} 13... Qe7 14. Nd4 Bg4 15. Nf5 Qc7 16. Qxc7 Bxc7 17. Nd4 Bb6 18. Kf1 {½-½ (31) Lou,H-Li,N (2260) Suzhou 2001}) 14. Nxe5 Bxe5 15. Bxe5 Rxe5 16. Nf3 Re8 17. e3 Rc8 18. Qb2 Bg4 19. Rac1 Qd7 20. Ne5 Rxe5 $1 21. Qxe5 {[#] Threatens to win with Rf1.} Bxd1 22. Rxd1 {[%cal Rg2d5]} Qg4 23. Qd4 (23. Rf1 {NOTEXT} Qe6 24. Qd4 b6 25. Rd1 Rc5 26. Qf4) 23... Qxd4 24. Rxd4 $11 {[%mdl 4096] Endgame KRB-KRN} Rc1+ 25. Bf1 Kf8 26. Kg2 Rc2 27. Ra4 a6 28. Bd3 Rd2 29. Bb1 (29. Bf5 $11) 29... g6 $17 30. h3 {Precision: White = 62%, Black = 71%.} 1/2-1/2

[Event "DEN-ch Seniors 2018"]
[Site "Hvidovre"]
[Date "2018.02.18"]
[Round "7"]
[White "Petersen, Peter Birk"]
[Black "Rosenlund, Thorbjorn"]
[Result "1-0"]
[WhiteElo "2130"]
[BlackElo "2245"]
[Annotator "TA"]
[PlyCount "69"]
[EventDate "2018.??.??"]
[EventType "tourn"]
[EventCountry "DEN"]
[SourceTitle "playchess.com"]
[Source "ChessBase"]
[SourceQuality "1"]

{[%evp 26,68,45,33,66,55,66,37,87,79,87,54,70,49,93,87,81,76,94,82,178,194,204,185,178,46,110,97,176,102,88,74,65,81,92,50,85,84,68,0,0,0,0,0,29999]} 1. e4 e5 2. Nf3 Nc6 3. Bb5 a6 4. Ba4 Nf6 5. O-O Be7 6. Re1 b5 7. Bb3 O-O 8. h3 d6 9. c3 Nd7 10. d4 Bf6 11. a4 Rb8 12. axb5 axb5 13. Be3 Ne7 14. Nbd2 {[%cal Bb1d2,Bd2f1,Bf1g3][%mdl 32] LiveBook: 14 Partien} Bb7 {C92: Spanische Partie (Tschigorin-Variante)} 15. Bc2 c5 {[#]} 16. Nf1 $146 (16. d5 {is interesting.} Qc7 17. b3 Ng6 18. Qe2 Bc8 19. Qf1) ({Vorgänger:} 16. d5 c4 17. b3 cxb3 18. Nxb3 Qc7 19. Bd3 Bc8 20. Ra7 Qxc3 21. Qb1 Qb4 22. Qc2 {1-0 (35) Ljubojevic,L (2635)-Agdestein,S (2605) Belgrade 1989}) 16... Ra8 {Weiß steht etwas besser.} 17. Rxa8 Bxa8 18. Ng3 g6 19. Qd2 cxd4 20. cxd4 exd4 21. Nxd4 Qb8 22. Bg5 Re8 (22... Bxg5 $16 23. Qxg5 Nc6 24. Nxc6 Bxc6) 23. Bxf6 $18 Nxf6 24. Qg5 Nd7 25. Re3 ({Aber nicht} 25. Nxb5 $2 h6 $19) ({Günstiger ist} 25. Nh5 $18) 25... Qa7 (25... Nc6 $14 26. Nxc6 (26. Nxb5 Re5 $11) 26... Bxc6) 26. Nxb5 $16 Qb6 (26... Qc5 $16 27. Qxc5 dxc5) 27. Nc3 (27. Ba4 $18) 27... Qxb2 28. Ba4 Bc6 29. Bxc6 Nxc6 30. Qd5 Nde5 31. Qxd6 Ra8 {[#] Und ...Ta1+ würde nun gewinnen.} 32. Nd5 ({Lieber} 32. Qf6 $1 $14) 32... Ra1+ $1 $11 33. Kh2 Qxf2 {[%csl Ga1][%cal Rf2g1]} 34. Nf6+ Kh8 $2 {[%mdl 8192] [#]} (34... Kg7 $11 35. Nf5+ gxf5 36. Nh5+ Kg8 37. Nf6+ Kg7 38. Nh5+ Kg8 39. Nf6+ Kg7) 35. Qf8# {Precision: Weiß = 50%, Schwarz = 25%.} 1-0

[Event "DEN-ch Seniors 2018"]
[Site "Hvidovre"]
[Date "2018.02.18"]
[Round "7"]
[White "Lilja, Richard"]
[Black "Stentebjerg-Hansen, Per"]
[Result "1/2-1/2"]
[WhiteElo "2086"]
[BlackElo "2261"]
[Annotator "TA"]
[PlyCount "166"]
[EventDate "2018.??.??"]
[EventType "tourn"]
[EventCountry "DEN"]
[SourceTitle "playchess.com"]
[Source "ChessBase"]
[SourceQuality "1"]

{[%evp 37,166,50,71,44,59,31,71,65,86,0,88,45,83,97,95,85,142,125,186,171,182,111,110,81,111,0,77,23,4,19,11,21,23,17,26,20,24,0,0,-18,0,0,0,0,0,0,0,0,0,0,0,0,0,0,0,0,0,-8,0,0,0,0,0,0,0,-8,0,0,0,0,0,-8,0,0,0,0,0,0,0,0,0,0,0,0,0,0,0,0,0,0,0,0,0,0,0,0,0,0,0,0,0,0,0,0,0,0,0,0,0,0,0,0,0,0,0,0,0,0,0,0,0,0,0,0,0,0,0,0,0,0,0]} 1. e4 c6 2. d4 d5 3. Nc3 dxe4 4. Nxe4 Bf5 5. Ng3 Bg6 6. h4 h6 7. Nf3 Nd7 8. h5 Bh7 9. Bd3 Bxd3 10. Qxd3 Ngf6 11. Bd2 Qc7 12. O-O-O {[%cal Be1c1,Bc1b1,Bb1a2][%mdl 32]} O-O-O 13. Ne4 e6 14. g3 Nxe4 15. Qxe4 Bd6 16. c4 c5 17. Kb1 {B19: Classical Caro-Kann: 4...Bf5 main line} Kb8 18. Bc3 Nf6 19. Qe2 Ka8 {LiveBook: 3 Games} (19... cxd4 20. Nxd4 a6 21. Nb3 Qc6 22. Rh4 Bc7 23. Rc1 Rhe8 24. c5 e5 25. Ba5 {1-0 (41) Safarli,E (2641)-Paichadze,L (2581) Kocaeli 2017}) 20. a3 Rhe8 21. Ka2 Rc8 22. dxc5 $146 ({Find the theoretical novelty and annotate with similar games:} 22. Rc1 Red8 23. Rh4 a6 24. Ka1 Be7 25. Rf4 Bd6 26. Rh4 Be7 27. Rf4 Bd6 28. Rh4 Be7 29. Rf4 Bd6 30. Rh4 Be7 {½-½ (30) Ererdem,G (2151)-Yurtseven,M (2318) Paracin 2016}) 22... Bxc5 23. b4 (23. Ne5 $16) 23... Bf8 (23... Bxf2 $1 $11 24. Bxf6 gxf6 25. Qxf2 Qxc4+ 26. Kb2 Qc3+ 27. Ka2 Qc4+ 28. Kb2 Qc3+ 29. Ka2 Qc4+) 24. Rh4 a6 25. Ne5 Bd6 26. c5 Bxe5 (26... Nd5 $142 27. Bb2 Bxe5 28. Bxe5 Qe7) 27. Bxe5 $16 ({Don't do} 27. Qxe5 $6 Qe7 $14) 27... Qc6 (27... Qe7 $16 {might work better.}) 28. Rd6 $18 Qa4 29. Qb2 ({White should play} 29. Qd3 $18) 29... Red8 $16 30. Rhd4 Rxd6 31. Rxd6 (31. cxd6 $16 Qd7 32. Bxf6 gxf6 33. Qd2) 31... Ne8 (31... Nd5 $1 $11 {remains equal.}) 32. Rd4 (32. Rd2 $16) 32... f6 $11 33. Bd6 $1 e5 34. Rd2 Qd7 35. Qb3 Nc7 36. a4 Ne6 37. b5 Nxc5 {The position is equal.} 38. Qb4 $1 b6 39. Bxc5 $1 Qe6+ 40. Qb3 Qxb3+ 41. Kxb3 Rxc5 42. bxa6 {[%mdl 4096] Endgame KR-KR} e4 43. Rd7 Rxh5 44. Rxg7 Rf5 45. Kc4 Rxf2 46. Rf7 e3 47. Re7 e2 48. g4 f5 49. gxf5 Rxf5 50. Rxe2 Ka7 51. Re6 h5 52. Rh6 Kxa6 53. Rh8 Rf4+ 54. Kb3 $1 h4 55. Rh5 Rf3+ (55... h3 $5) 56. Kb4 Rf4+ (56... h3 {NOTEXT} 57. Rh7 Re3 58. Rh8 Rf3 59. Rh7) 57. Kb3 Kb7 (57... h3 $5) 58. Rh6 Kc7 59. Ka3 Rd4 60. Kb3 Rd3+ 61. Kc4 Rh3 (61... Ra3 {NOTEXT} 62. Kb4 Rh3 63. Kb5 Rh2 64. Kb4 Rb2+) 62. Rh7+ Kc6 63. Rh6+ Kb7 64. Rh7+ Ka6 65. Kb4 Rh1 66. Rh5 h3 67. Kb3 (67. Ka3 {NOTEXT} Kb7 68. Rh7+ Ka6 69. Rh5) 67... Kb7 68. Rh6 Kc7 69. Kb2 h2 70. Ka2 $1 Kd7 71. Kb2 Ke7 (71... b5 $5 {[%cal Rb5a4]} 72. axb5 Kd8 $11) 72. Ka2 Kf7 {[#] ...Kg7 is the strong threat.} 73. Kb2 Kg7 74. Rh3 (74. Rh5 {NOTEXT} Kf6 75. Rh4 Kg5 76. Rh7 Kg4 77. Rg7+) 74... Kg6 75. Rh8 Kg5 76. Rg8+ Kf4 77. Rh8 Ke3 {[#] White must now prevent ...Kf4.} 78. Rh3+ Kd4 {Hoping for ...Ke4.} 79. Rh4+ Kd3 {Threatens to win with ...Ke3.} 80. Rh3+ Kc4 {Strongly threatening ...Kd5.} 81. Rh4+ Kc5 {And now ...Kd6 would win.} 82. Ka2 $1 Kc6 {aiming for ...Kc5.} 83. Rh5 Kb7 {Precision: White = 73%, Black = 53%.} 1/2-1/2

[Event "DEN-ch Seniors 2018"]
[Site "Hvidovre"]
[Date "2018.02.18"]
[Round "7"]
[White "Schultz-Pedersen, Jesper"]
[Black "Baliuniene, Margarita"]
[Result "1-0"]
[WhiteElo "2068"]
[BlackElo "1881"]
[Annotator "NA RC"]
[PlyCount "127"]
[EventDate "2018.??.??"]
[EventType "tourn"]
[EventCountry "DEN"]
[SourceTitle "playchess.com"]
[Source "ChessBase"]
[SourceQuality "1"]
[TimeControl "40/5400+30:1800+30"]

{[%evp 8,121,25,21,23,3,4,-8,13,-25,27,6,27,25,32767,32767,32767,32767,-10,-29,-39,-51,102,110,118,32767,141,130,204,32767,32767,32767,32767,32767,32767,32767,32767,32767,32767,32767,32767,32767,32767,32767,32767,32767,291,185,201,197,181,104,125,100,108,114,200,45,53,32767,32767,32767,32767,52,52,15,420,32767,32767,32767,32767,32767,32767,32767,32767,32767,3522,588,32767,32767,4141,11016,4137,10302,12849,29984,29971,29985,29975,29986,29986,8,29987,29988,29988,29989,29989,29990,29991,4145,29992,29993,29993,4145,29993,4149,29993,29993,29993,4149,29994,29995,29995,29995,29995,29996]} 1. e4 {[%emt 0:00:00]} c5 {[%emt 0:00:04]} 2. b4 {[%emt 0:00:00]} cxb4 {[%emt 0:00:50]} 3. a3 {[%emt 0:00:00]} Nc6 {[%emt 0:00:35] B20: Sicilian: Unusual White 2nd moves} 4. Nf3 {[%emt 0:03:26]} (4. axb4 Nxb4 5. d4 d5 6. c3 Nc6 7. exd5 Qxd5 8. Na3 Bf5 9. Nb5 Rc8 10. Nxa7 Nxa7 11. Rxa7 e5 12. Nf3 exd4 13. Nxd4 Bd7 14. Nb5 Qxd1+ 15. Kxd1 {1-0 (27) Carlsen,M (2837)-Inarkiev,E (2689) Riadh 2017}) 4... bxa3 {[%emt 0:05:07] LiveBook: 3 Games} 5. d4 {[%emt 0:00:43]} ({Much weaker is} 5. Rxa3 e6 $15) 5... d6 {[%emt 0:02:23]} 6. Nxa3 {[%emt 0:01:10]} Nf6 {[%emt 0:06:09]} 7. Bd3 {[%emt 0:01:16]} Bg4 $146 {[%emt 0:01:40]} ({Predecessor:} 7... g6 8. O-O Bg7 9. c3 O-O 10. Qe2 a6 11. Be3 Rb8 {0-1 (37) Moussard,J (2444)-Matlakov,M (2694) Montpellier 2015}) 8. c3 {[%emt 0:00:30]} g6 {[%emt 0:01:12]} 9. h3 {[%emt 0:01:50]} Bxf3 {[%emt 0:00:17]} 10. Qxf3 {[%emt 0:01:05]} Bg7 {[%emt 0:00:25]} 11. O-O {[%emt 0:03:02]} O-O {[%emt 0:00:24]} 12. Qg3 {[%emt 0:01:00]} Nh5 {[%emt 0:14:06]} 13. Qh2 {[%emt 0:05:13]} e5 {[%emt 0:04:54]} 14. g4 {[%emt 0:04:26]} exd4 $2 {[%emt 0:05:26]} (14... Nf6 $15 15. d5 Na5) 15. gxh5 {[%emt 0:01:25]} dxc3 {[%emt 0:00:05]} 16. Nc2 {[%emt 0:00:58]} Ne5 {[%emt 0:07:56]} ({Black should try} 16... Qh4) 17. Be2 {[%emt 0:00:50]} d5 {[%emt 0:04:04]} (17... gxh5 $16 18. f4 Nc6) 18. Rd1 {[%emt 0:10:54]} Qh4 {[%emt 0:02:48]} 19. f4 {[%emt 0:06:45]} Nc4 {[%emt 0:02:03]} 20. Rxd5 {[%emt 0:13:42]} Nb2 {[%emt 0:02:41]} 21. Be3 {[%emt 0:02:13]} Qe7 {[%emt 0:04:43]} 22. Qg2 {[%emt 0:02:19]} Rfd8 {[%emt 0:00:16]} 23. Rxa7 {[%emt 0:04:30]} Rxa7 {[%emt 0:00:44]} 24. Bxa7 {[%emt 0:00:02]} Rxd5 {[%emt 0:00:29]} 25. exd5 {[%emt 0:00:08]} b5 {[%emt 0:01:25]} 26. Qf2 {[%emt 0:02:50]} Qb7 {[%emt 0:04:33]} 27. Bd4 {[%emt 0:03:46]} (27. d6 $142) 27... Qxd5 {[%emt 0:01:11]} 28. Bxg7 {[%emt 0:01:38]} Kxg7 {[%emt 0:00:09]} 29. hxg6 {[%emt 0:02:10]} ({White should play} 29. Qe3 Na4 30. hxg6) 29... hxg6 {[%emt 0:01:15]} 30. Qd4+ {[%emt 0:00:59]} Qxd4+ {[%emt 0:00:23]} 31. Nxd4 {[%emt 0:00:02]} b4 {[%emt 0:00:07] [#]} (31... Nc4 $16 32. Kf2 Kf6) 32. Kf2 {[%emt 0:00:38]} (32. Nc2 $1 $18) 32... Na4 $1 {[%emt 0:03:44]} 33. Bd1 {[%emt 0:04:51]} Nc5 {[%emt 0:00:07]} 34. Kf3 {[%emt 0:04:18]} f5 {[%emt 0:04:38]} 35. Ke3 {[%emt 0:07:08]} Kf6 {[%emt 0:00:21]} 36. h4 {[%emt 0:00:29]} Ne4 $2 {[%emt 0:01:51]} (36... Kg7 $1 $11 {und Schwarz ist OK.}) 37. Nc6 {[%emt 0:01:28]} Kg7 {[%emt 0:04:03]} 38. Nxb4 {[%emt 0:01:01]} Kh6 {[%emt 0:00:05]} 39. Nc2 {[%emt 0:02:58]} Nf6 {[%emt 0:01:29]} 40. Bf3 {[%emt 0:02:33]} Nh5 {[%emt 0:33:16]} 41. Nb4 {[%emt 0:30:43]} Ng3 {[%emt 0:01:11]} 42. Kd3 {[%emt 0:00:59]} Ne4 {[%emt 0:00:40]} 43. Nd5 {[%emt 0:03:35]} Nf2+ {[%emt 0:00:00]} 44. Kxc3 {[%emt 0:00:00]} Nh3 {[%emt 0:00:00]} 45. Kd4 {[%emt 0:00:00]} Nxf4 {[%emt 0:00:00]} 46. Nxf4 {[%emt 0:00:00]} g5 {[%emt 0:00:00]} 47. hxg5+ {[%emt 0:00:00]} Kxg5 {[%emt 0:00:00]} 48. Ke5 {[%emt 0:00:00]} Kh4 {[%emt 0:00:00]} 49. Kxf5 {[%emt 0:00:00]} Kg3 {[%emt 0:00:00]} 50. Ke4 {[%emt 0:00:00]} Kh4 {[%emt 0:00:00]} 51. Ne6 {[%emt 0:00:00]} Kg3 {[%emt 0:01:11]} 52. Nd4 {[%emt 0:00:00]} Kh4 {[%emt 0:01:40]} 53. Kf4 {[%emt 0:00:00]} Kh3 {[%emt 0:00:07]} 54. Nc2 {[%emt 0:00:00]} Kh4 {[%emt 0:01:42]} 55. Ne1 {[%emt 0:00:00]} (55. Ne3 $142 Kh3 56. Bg4+ Kh2 57. Kf3 Kg1 58. Kg3 Kh1 59. Kf2 Kh2 60. Nf1+ Kh1 61. Bf3#) 55... Kh3 {[%emt 0:00:09]} 56. Ng2 {[%emt 0:00:00]} (56. Bg4+ $142 Kh2 57. Kf3 Kg1 58. Bh3 Kh2 59. Kg4 Kg1 60. Kg3 Kh1 61. Bg2+ Kg1 62. Nf3#) 56... Kh2 {[%emt 0:00:08]} 57. Bd5 {[%emt 0:00:00]} Kh3 {[%emt 0:01:51]} 58. Kf3 {[%emt 0:00:00]} Kh2 {[%emt 0:00:09]} 59. Be6 {[%emt 0:00:00]} Kg1 {[%emt 0:00:31]} 60. Kg3 {[%emt 0:00:00]} Kf1 {[%emt 0:00:06]} 61. Bc4+ {[%emt 0:00:00]} Kg1 {[%emt 0:00:08]} 62. Nf4 {[%emt 0:00:00]} Kh1 {[%emt 0:00:12]} 63. Bb5 {[%emt 0:00:00]} Kg1 {[%emt 0:00:18]} 64. Nh3+ {[%emt 0:00:00]} 1-0